ロード中...

Design, development and testing of a tractor drawn semi-automatic rhizome planter for ginger and turmeric

Ginger (Zingiber Officinale Roscoe) and Turmeric (Curcuma longa L.) are the oldest rhizome crops widely cultivated in India. These crops provide excellent opportunities in raising the income of farmers. This also provides higher productivity and offers great scope for value addition. At present, it...

詳細記述

書誌詳細
第一著者: Madhukumara D M
その他の著者: Manoj Mathew (Guide)
フォーマット: Ph.D Thesis
出版事項: Tavanur Department of Farm Power Machinery and Energy, Kelappaji College of Agricultural Engineering and Technology 2017
主題:
LEADER 02628nam a22001697a 4500
082 |a 631.3  |b MAD/DE 
100 |a Madhukumara D M 
245 |a Design, development and testing of a tractor drawn semi-automatic rhizome planter for ginger and turmeric 
260 |a Tavanur  |b Department of Farm Power Machinery and Energy, Kelappaji College of Agricultural Engineering and Technology  |c 2017 
300 |a 128p 
502 |a MSc 
520 3 |a Ginger (Zingiber Officinale Roscoe) and Turmeric (Curcuma longa L.) are the oldest rhizome crops widely cultivated in India. These crops provide excellent opportunities in raising the income of farmers. This also provides higher productivity and offers great scope for value addition. At present, it is observed that the farmers in the state had faced problems in ginger and turmeric planting due to lack of labour shortage. Manual planting consumes more time and labour. Therefore, a mechanical rhizome planter is required for planting ginger and turmeric. Therefore, the present study was undertaken to design, develop and evaluate the performance of a rhizome planter for ginger and turmeric. A tractor drawn semi-automatic horizontal disc planter was developed and field tested. The rhizome planter was designed to suit various soil type and conditions to perform several functions simultaneously by opening the furrows, application of manure and planting of rhizomes and covering of rhizomes by soil and forming ridges in single pass. The field evaluation of rhizome planter was tested for different forward speeds and transmission ratios. Performance indices such as missing index (Imiss), rhizome multiple index (Imulti), quality of feed index (Iqf), precision index (Ip) and rhizome spacing (Is) were used to evaluate performance of rhizome planter. The mean spacing for ginger and turmeric was ranged from 21.66 to 32.63 cm and 20.53 to 31.13 cm respectively. The optimum performance for planting ginger and turmeric were at a forward speed of 0.97 km hr-1 and transmission ratio of 1:1.25. The average field capacity and efficiency was 0.14 ha hr -1 and 78.76%. The savings in cost and time for mechanical planting was about 59.52% and 96.57% compared to manure planting. Based on the performance evaluation results, it is concluded that the developed rhizome planter is economical and efficient for rhizome planting.  
650 |a Farm power machinery and energy 
700 |a Manoj Mathew (Guide) 
942 |2 ddc  |c TH 
999 |c 157966  |d 157966 
952 |0 0  |1 0  |4 0  |6 631_300000000000000_MADDE  |7 1  |8 REF  |9 157756  |a KAUCLV  |b KAUCLV  |c THESES  |d 2017-12-27  |o 631.3 MAD/DE  |p 174073  |r 2017-12-27  |w 2017-12-27  |y TH